| 000 | 00684nam a2200241Ia 4500 | ||
|---|---|---|---|
| 003 | OSt | ||
| 005 | 20221007080049.0 | ||
| 006 | a|||||r|||| 00| 0 | ||
| 007 | ta | ||
| 008 | 221006b |||||||| |||| 00| 0 eng d | ||
| 024 | _a8,919 | ||
| 037 | _cReference Collections | ||
| 040 |
_aFLL _cFLL _beng |
||
| 041 |
_2eng _aeng |
||
| 082 | _aV1:2, N8 | ||
| 100 |
_aBhagwan Vishnoo Au. _9694581 |
||
| 245 | 0 | _aWorld constitutions | |
| 260 |
_aNew Delhi _bSterling pub. India _c1998 |
||
| 300 |
_axi,785p _ccm. |
||
| 700 |
_a Bhushan Vidya Au. _9686490 |
||
| 942 |
_hV1:2, N8 _cREF _2CC |
||
| 999 |
_c1158261 _d1158261 |
||